Critical Human Resources Development : Beyond Orthodoxy. (Record no. 2080)

MARC details
005 - DATE AND TIME OF LATEST TRANSACTION
control field 20250507095453.0
020 ## - INTERNATIONAL STANDARD BOOK NUMBER
International Standard Book Number 0-273-70559-8
082 ## - DEWEY DECIMAL CLASSIFICATION NUMBER
Classification number 658.3 RIG
245 ## - TITLE STATEMENT
Title Critical Human Resources Development : Beyond Orthodoxy.
260 ## - PUBLICATION, DISTRIBUTION, ETC.
Place of publication, distribution, etc. London,
Name of publisher, distributor, etc. Prentice Hall,
Date of publication, distribution, etc. 2007.
300 ## - PHYSICAL DESCRIPTION
Extent X, 297P.: ill.;
Other physical details Bibliographical References & Index
Dimensions 24cm.
700 ## - ADDED ENTRY--PERSONAL NAME
Other authors/Editors RIGG, C. & STEWART, J. & TREHAN, K.
856 ## - ELECTRONIC LOCATION AND ACCESS
Link text Access Online Book
Electronic name Development
Path www.pearsoned.co.com
942 ## - ADDED ENTRY ELEMENTS (KOHA)
Source of classification or shelving scheme Dewey Decimal Classification
Koha item type Books
Holdings
Date last seen Total checkouts Full call number Barcode Cost, replacement price Price effective from Koha item type Lost status Source of classification or shelving scheme Damaged status Not for loan Withdrawn status Home library Current library Shelving location Date acquired Cost, normal purchase price
05/07/2025   658.3 RIG 0000007954 88500.00 05/07/2025 Books   Dewey Decimal Classification       College of Business Education Main Library College of Business Education Main Library General Collection 10/26/2009 29500.00
05/07/2025   658.3 RIG 0000007955 88500.00 05/07/2025 Books   Dewey Decimal Classification       College of Business Education Main Library College of Business Education Main Library General Collection 10/26/2009 29500.00
05/07/2025   658.3 RIG 0000007956 88500.00 05/07/2025 Books   Dewey Decimal Classification       College of Business Education Main Library College of Business Education Main Library General Collection 10/26/2009 29500.00
05/07/2025   658.3 RIG 0000007957 88500.00 05/07/2025 Books   Dewey Decimal Classification       College of Business Education Main Library College of Business Education Main Library General Collection 10/26/2009 29500.00
06/02/2025   658.3 RIG 00000010668 88500.00 06/02/2025 Books   Dewey Decimal Classification       College of Business Education Main Library College of Business Education Main Library Special Reserve Collection 10/26/2009 29500.00